Histoire de la Russie (Record no. 162907)

MARC details
000 -LEADER
campo de control de longitud fija 00604nam a2200181 i 4500
001 - NÚMERO DE CONTROL
campo de control 162907
003 - IDENTIFICADOR DE NÚMERO DE CONTROL
campo de control ES-MaACL
005 - FECHA Y HORA DE LA ÚLTIMA TRANSACCIÓN
campo de control 20230906212628.0
008 - DATOS DE LONGITUD FIJA--INFORMACIÓN GENERAL
campo de control de longitud fija 050707s1900 fr |||| | fre d
040 ## - FUENTE DE CATALOGACIÓN
Centro catalogador/agencia de origen CAM
Lengua de catalogación spa
Centro/agencia transcriptor CAM
100 1# - ENTRADA PRINCIPAL--NOMBRE DE PERSONA
Nombre de persona Rambaud, Alfred.
9 (RLIN) 95070
245 10 - MENCIÓN DEL TÍTULO
Título Histoire de la Russie
Resto del título : depuis les origines jusqu'a nos jours /
Mención de responsabilidad, etc. par Alfred Rambaud.
250 ## - MENCION DE EDICION
Mención de edición 5e éd.
260 ## - PUBLICACIÓN, DISTRIBUCIÓN, ETC.
Lugar de publicación, distribución, etc. Paris :
Nombre del editor, distribuidor, etc. libraire Hachette et Cie.,
Fecha de publicación, distribución, etc. 1900 (
Fabricante Imprimerie Lahure)
300 ## - DESCRIPCIÓN FÍSICA
Extensión 922 p., [6] h. de map. pleg. ;
Dimensiones 19 cm.
651 #4 - PUNTO DE ACCESO ADICIONAL DE MATERIA--NOMBRE GEOGRÁFICO
Nombre geográfico Rusia-
Subdivisión general Historia.
9 (RLIN) 9330
852 ## - LOCALIZACIÓN
Ubicación ES-MaACL
Número de control de estantería F-8172
Nota libre -- Enc. hol.
Holdings
Estatus retirado Estado de pérdida Estado de daño No para préstamo Colección Biblioteca de origen Biblioteca actual Ubicación en estantería Fecha de adquisición Fuente de adquisición Total de préstamos Signatura topográfica completa Código de barras Visto por última vez Precio de reemplazo Tipo de ítem Koha
        Libros del s. XIX Biblioteca del Ateneo de Madrid Biblioteca del Ateneo de Madrid Sala Pecera Planta 2 17/01/2008     F-8172 1170687 23/02/2023 23/02/2023 Libro impreso antiguo